00506 2200181 4500001002100000005001500021008004100036020002200077035001900099041000700118082001000125090001600135100002500151245007100176260004200247300001900289650001600308INLIS00000000000540720241224113108241224||||||||| | ||| |||| || |  a978-979-22-6588-0 0010-1224005407 aid0 a808.5 a808.5 RED p0 aREJEKI AGOESTYYOWATI00aPintar Menjadi MC dan Berpidato dalam Bahasa Indonesia dan Inggris aJakartabGramedia Pustaka Utamac2011 a135hlm.; 20 cm 0aKESUSASTRAN